| 000 | 00501nam a2200169Ia 4500 | ||
|---|---|---|---|
| 008 | 140626s9999 xx 000 0 und d | ||
| 100 | _aKuo, Mei-Chen. | ||
| 245 |
_aDevelopment of frailty indicators for the community-dwelling older adults / _cMei-Chen Kuo ... [et al.]. |
||
| 260 | _cc2013. | ||
| 300 | _a21 : 4, page 261 | ||
| 440 | _aThe Journal of Nursing Research (JNR) | ||
| 521 | _aNUR | ||
| 650 | _aFrailty indicator. | ||
| 650 | _aFrailty. | ||
| 650 | _aTriangulation. | ||
| 942 | _cSE | ||
| 999 |
_c121410 _d121410 |
||